[Event "WYCC 2018 O14"]
[Site "Halkidiki"]
[Date "2018.10.26"]
[Round "7"]
[White "Gombocz, Ferenc Jr."]
[Black "Murzin, Volodar"]
[Result "0-1"]
[WhiteElo "2271"]
[BlackElo "2340"]
[Annotator "NA"]
[PlyCount "130"]
[EventDate "2018.10.20"]
[EventType "swiss"]
[EventCountry "GRE"]
[SourceTitle "playchess.com"]
[Source "ChessBase"]
[SourceQuality "1"]
[TimeControl "40/5400+30:1800+30"]

1. c4 {[%emt 0:00:00]} Nf6 {[%emt 0:01:01]} 2. g3 {[%emt 0:00:00]} c6 {[%emt 0:00:15]} 3. Bg2 {[%emt 0:00:02]} d5 {[%emt 0:00:19]} 4. Nf3 {[%emt 0:00:16]} dxc4 {[%emt 0:00:37]} 5. O-O {[%emt 0:01:45]} Nbd7 {[%emt 0:00:17]} 6. Qc2 {[%emt 0:01:08]} Nb6 {[%emt 0:00:15]} 7. a4 {[%emt 0:00:12]} a5 {[%emt 0:00:10]} 8. Na3 {[%emt 0:01:17]} g6 {[%emt 0:00:22]} 9. Nxc4 {[%emt 0:01:07]} Nxc4 {[%emt 0:00:13]} 10. Qxc4 {[%emt 0:00:04]} Bg7 {[%emt 0:00:06]} 11. d3 {[%emt 0:08:32]} Be6 {[%emt 0:08:53]} 12. Qc2 {[%emt 0:03:13]} O-O {[%emt 0:00:27]} 13. Ng5 {[%emt 0:01:57]} Bd7 {[%emt 0:08:58]} 14. Qb3 {[%emt 0:05:09]} b6 {[%emt 0:02:17]} 15. Be3 {[%emt 0:03:35]} h6 {[%emt 0:04:44]} 16. Nf3 {[%emt 0:02:51]} Nd5 {[%emt 0:03:25]} 17. Bd4 {[%emt 0:00:47]} Bxd4 {[%emt 0:03:30]} 18. Nxd4 {[%emt 0:00:07]} e5 {[%emt 0:02:09]} 19. Bxd5 {[%emt 0:10:12]} exd4 {[%emt 0:01:39]} 20. Bg2 {[%emt 0:01:44]} Rc8 {[%emt 0:03:00]} 21. Rac1 {[%emt 0:03:44]} Be6 {[%emt 0:01:30]} 22. Qc2 {[%emt 0:01:16]} c5 {[%emt 0:00:12]} 23. Qd2 {[%emt 0:01:03]} Kg7 {[%emt 0:00:21]} 24. e4 {[%emt 0:01:55]} dxe3 {[%emt 0:10:15]} 25. fxe3 {[%emt 0:00:44]} Qd7 {[%emt 0:01:06]} 26. Qc3+ {[%emt 0:01:33]} Kg8 {[%emt 0:06:20]} 27. Rf6 {[%emt 0:02:51]} Qxa4 {[%emt 0:20:58]} 28. Be4 {[%emt 0:03:42]} Qb4 {[%emt 0:03:24]} 29. Qe5 {[%emt 0:02:33]} Rce8 {[%emt 0:08:34]} 30. Rcf1 {[%emt 0:06:32]} Bf5 {[%emt 0:01:07]} 31. Qc7 {[%emt 0:05:44]} Qxb2 {[%emt 0:05:44]} 32. Rxb6 {[%emt 0:03:48]} Qd2 {[%emt 0:00:10]} 33. Qf4 {[%emt 0:00:27]} Bxe4 {[%emt 0:00:22]} 34. dxe4 {[%emt 0:00:36]} Qd8 {[%emt 0:01:42]} 35. Rb7 {[%emt 0:04:42]} Re7 {[%emt 0:00:25]} 36. Rb5 {[%emt 0:00:10]} Qe8 {[%emt 0:00:54]} 37. Rxc5 {[%emt 0:00:44]} Rxe4 {[%emt 0:00:34]} 38. Qxh6 {[%emt 0:00:46]} Re5 {[%emt 0:01:39]} 39. Rc4 {[%emt 0:03:21]} Rh5 {[%emt 0:00:24]} 40. Qf4 {[%emt 0:00:00]} Rf5 {[%emt 0:00:00]} 41. Qd4 {[%emt 0:03:57]} Rxf1+ {[%emt 0:01:03]} 42. Kxf1 {[%emt 0:00:05]} Qb8 {[%emt 0:03:50]} 43. Kf2 {[%emt 0:02:07]} Qb1 {[%emt 0:01:24]} 44. Qc3 {[%emt 0:02:15]} Rb8 {[%emt 0:02:25]} 45. Rc8+ {[%emt 0:03:30]} Rxc8 {[%emt 0:00:05]} 46. Qxc8+ {[%emt 0:00:04]} Kh7 {[%emt 0:00:03]} 47. Qc4 {[%emt 0:03:19]} Qb2+ {[%emt 0:00:18]} 48. Kf3 {[%emt 0:01:42]} Kg7 {[%emt 0:01:10]} 49. h4 {[%emt 0:00:16]} Qa1 {[%emt 0:00:39]} 50. Kg2 {[%emt 0:03:35]} a4 {[%emt 0:00:23]} 51. h5 {[%emt 0:00:42]} Qb2+ {[%emt 0:02:26]} 52. Kh3 {[%emt 0:01:04]} a3 {[%emt 0:00:40]} 53. hxg6 {[%emt 0:00:34]} Kxg6 {[%emt 0:00:31]} 54. Qa6+ {[%emt 0:05:28]} Kg7 {[%emt 0:00:33]} 55. Qa5 {[%emt 0:00:22]} Kg6 {[%emt 0:04:40]} 56. Qa6+ {[%emt 0:00:35]} Kf5 {[%emt 0:00:21]} 57. Qc8+ {[%emt 0:02:45]} Ke4 {[%emt 0:01:26]} 58. Qe8+ {[%emt 0:00:24]} Kd3 {[%emt 0:00:06]} 59. Qxf7 {[%emt 0:01:02]} a2 {[%emt 0:03:39]} 60. Qd5+ {[%emt 0:00:37]} Kxe3 {[%emt 0:00:10]} 61. Qe6+ {[%emt 0:00:07]} Kf2 {[%emt 0:00:41]} 62. Qf5+ {[%emt 0:11:54]} Kg1 {[%emt 0:00:07]} 63. Qc5+ {[%emt 0:00:59]} Qf2 {[%emt 0:00:07]} 64. Qe5 {[%emt 0:00:52]} Qf1+ {[%emt 0:00:16]} 65. Kg4 {[%emt 0:00:13]} a1=Q {[%emt 0:00:10]} 0-1

[Event "WYCC 2018 O14"]
[Site "Halkidiki"]
[Date "2018.10.26"]
[Round "7"]
[White "Srihari L R"]
[Black "Krastev, Alexander"]
[Result "1/2-1/2"]
[WhiteElo "2170"]
[BlackElo "2298"]
[Annotator "NA"]
[PlyCount "84"]
[EventDate "2018.10.20"]
[EventType "swiss"]
[EventCountry "GRE"]
[SourceTitle "playchess.com"]
[Source "ChessBase"]
[SourceQuality "1"]
[TimeControl "40/5400+30:1800+30"]

1. d4 {[%emt 0:00:00]} Nf6 {[%emt 0:00:00]} 2. Nf3 {[%emt 0:00:04]} g6 {[%emt 0:00:21]} 3. Bg5 {[%emt 0:04:00]} Bg7 {[%emt 0:01:47]} 4. Nbd2 {[%emt 0:00:43]} c5 {[%emt 0:03:47] LiveBook: 478 Games} 5. c3 {[%emt 0:02:02]} cxd4 {[%emt 0:05:53]} 6. cxd4 {[%emt 0:01:14]} Nc6 {[%emt 0:01:47]} 7. Bxf6 {[%emt 0:15:32]} Bxf6 {[%emt 0:00:19]} 8. d5 {[%emt 0:00:08]} Ne5 {[%emt 0:10:10]} 9. Nxe5 {[%emt 0:03:10]} Bxe5 {[%emt 0:00:27]} 10. Nc4 {[%emt 0:00:22]} Bg7 $11 {[%emt 0:01:22]} 11. a4 {[%emt 0:01:32]} d6 {[%emt 0:04:34]} 12. e4 {[%emt 0:00:11]} O-O {[%emt 0:00:13]} 13. Bd3 {[%emt 0:00:05]} b6 {[%emt 0:01:11]} 14. O-O {[%emt 0:02:40]} Bd7 {[%emt 0:07:54]} 15. Qe2 {[%emt 0:16:25]} Qb8 {[%emt 0:03:09]} 16. Ra2 {[%emt 0:12:07]} Rc8 {[%emt 0:04:02]} 17. b3 {[%emt 0:00:50]} Qc7 {[%emt 0:07:54]} 18. Rc2 {[%emt 0:01:14]} Qd8 {[%emt 0:00:44]} 19. Rfc1 {[%emt 0:07:09]} Bh6 {[%emt 0:20:39]} 20. Ra1 {[%emt 0:05:04]} Rc7 {[%emt 0:04:57]} 21. g3 {[%emt 0:03:05]} Rac8 {[%emt 0:01:26]} 22. f4 {[%emt 0:01:10]} a6 {[%emt 0:02:21]} 23. Rac1 {[%emt 0:04:55]} b5 {[%emt 0:01:46]} 24. axb5 {[%emt 0:00:15]} axb5 {[%emt 0:00:17]} 25. Na3 {[%emt 0:00:37]} Rxc2 {[%emt 0:00:24]} 26. Rxc2 {[%emt 0:00:12]} Rxc2 {[%emt 0:00:10]} 27. Nxc2 {[%emt 0:00:14]} Bg7 {[%emt 0:01:47]} 28. Nb4 {[%emt 0:04:51]} Qc7 {[%emt 0:12:49]} 29. Nc6 {[%emt 0:00:12]} Bxc6 {[%emt 0:00:15]} 30. dxc6 {[%emt 0:00:06]} Qxc6 {[%emt 0:00:07]} 31. Bxb5 {[%emt 0:00:03]} Qc1+ {[%emt 0:00:14]} 32. Kg2 {[%emt 0:00:06]} Bd4 {[%emt 0:00:49]} 33. Bc4 {[%emt 0:00:16]} h5 {[%emt 0:00:54]} 34. Qf1 {[%emt 0:00:38]} Qe3 {[%emt 0:00:30]} 35. Qf3 {[%emt 0:02:46]} Qd2+ {[%emt 0:01:14]} 36. Qe2 {[%emt 0:00:14]} Qc1 {[%emt 0:00:50]} 37. Qf1 {[%emt 0:00:42]} Qc3 {[%emt 0:00:23]} 38. Qf3 {[%emt 0:00:16]} Qb2+ {[%emt 0:00:56]} 39. Qe2 {[%emt 0:00:10]} Qa1 {[%emt 0:00:12]} 40. Qf1 {[%emt 0:00:00]} Qa2+ {[%emt 0:00:00]} 41. Qe2 {[%emt 0:00:37]} Qa7 {[%emt 0:05:27]} 42. Qf3 {[%emt 0:01:28]} Qa2+ 1/2-1/2

[Event "WYCC 2018 O14"]
[Site "Halkidiki"]
[Date "2018.10.26"]
[Round "7"]
[White "Mishra, Abhimanyu"]
[Black "Kouvidis, Ioannis"]
[Result "1-0"]
[WhiteElo "2149"]
[BlackElo "1896"]
[Annotator "NA"]
[PlyCount "81"]
[EventDate "2018.10.20"]
[EventType "swiss"]
[EventCountry "GRE"]
[SourceTitle "playchess.com"]
[Source "ChessBase"]
[SourceQuality "1"]
[TimeControl "40/5400+30:1800+30"]

1. e4 {[%emt 0:00:00]} e6 {[%emt 0:00:00]} 2. d4 {[%emt 0:00:00]} d5 {[%emt 0:00:00]} 3. Nc3 {[%emt 0:00:00]} Nc6 {[%emt 0:00:00]} 4. Nf3 {[%emt 0:00:00]} Nf6 {[%emt 0:00:01]} 5. e5 {[%emt 0:00:01]} Ne4 {[%emt 0:00:04]} 6. Ne2 {[%emt 0:00:09]} f6 {[%emt 0:05:44]} 7. Ng3 {[%emt 0:00:29]} fxe5 {[%emt 0:16:14]} 8. dxe5 {[%emt 0:11:20]} Be7 {[%emt 0:07:03]} 9. c3 {[%emt 0:12:06]} O-O {[%emt 0:23:03]} 10. Be3 {[%emt 0:12:47]} Bd7 {[%emt 0:09:23]} 11. Bd3 {[%emt 0:07:45]} Nc5 {[%emt 0:03:25]} 12. Bc2 {[%emt 0:10:53]} Be8 {[%emt 0:00:38]} 13. Qb1 {[%emt 0:09:38]} h6 {[%emt 0:08:02]} 14. Nd4 {[%emt 0:04:59]} Bf7 {[%emt 0:07:56]} 15. f4 {[%emt 0:02:38]} Nxd4 {[%emt 0:01:59]} 16. cxd4 {[%emt 0:01:46]} Nd7 {[%emt 0:00:04]} 17. O-O {[%emt 0:02:42]} c5 {[%emt 0:00:08]} 18. dxc5 {[%emt 0:05:02]} Bxc5 {[%emt 0:00:16]} 19. Bxc5 {[%emt 0:01:39]} Nxc5 {[%emt 0:00:01]} 20. b4 {[%emt 0:03:41]} Nd7 {[%emt 0:00:41]} 21. Qb2 {[%emt 0:01:29]} Qb6+ {[%emt 0:00:13]} 22. Kh1 {[%emt 0:00:38]} Rac8 {[%emt 0:01:08]} 23. Bd3 {[%emt 0:01:44]} Rc7 {[%emt 0:03:48]} 24. Rae1 {[%emt 0:01:48]} a5 {[%emt 0:01:28]} 25. a3 {[%emt 0:01:23]} axb4 {[%emt 0:00:18]} 26. axb4 {[%emt 0:00:19]} Nc5 {[%emt 0:01:13]} 27. Bb1 {[%emt 0:01:55]} Na6 {[%emt 0:03:25]} 28. b5 {[%emt 0:00:16]} Rc5 {[%emt 0:00:34]} 29. Bd3 {[%emt 0:00:35]} Nc7 {[%emt 0:00:16]} 30. Ne2 {[%emt 0:00:32]} Be8 {[%emt 0:00:52]} 31. Nd4 {[%emt 0:00:56]} Bd7 {[%emt 0:00:39]} 32. Nb3 {[%emt 0:02:23]} Rxb5 {[%emt 0:05:20]} 33. Bxb5 {[%emt 0:00:08]} Nxb5 {[%emt 0:00:34]} 34. Rc1 {[%emt 0:01:55]} Nd4 {[%emt 0:01:37]} 35. Qxd4 {[%emt 0:00:40]} Qxb3 {[%emt 0:00:03]} 36. Rb1 {[%emt 0:00:54]} Qc2 {[%emt 0:00:47]} 37. Rfc1 {[%emt 0:01:20]} Qe2 {[%emt 0:00:34]} 38. Rxb7 {[%emt 0:00:40]} Bc6 {[%emt 0:00:47]} 39. Rb2 {[%emt 0:01:17]} Rxf4 {[%emt 0:00:20]} 40. Qxf4 {[%emt 0:00:00]} Qxb2 {[%emt 0:00:00]} 41. Rxc6 {[%emt 0:00:55]} 1-0

[Event "WYCC 2018 O14"]
[Site "Halkidiki"]
[Date "2018.10.26"]
[Round "7"]
[White "Krallis, Christos"]
[Black "Shermuhammadov, Samandar"]
[Result "1-0"]
[WhiteElo "2139"]
[BlackElo "1962"]
[Annotator "NA"]
[PlyCount "99"]
[EventDate "2018.10.20"]
[EventType "swiss"]
[EventCountry "GRE"]
[SourceTitle "playchess.com"]
[Source "ChessBase"]
[SourceQuality "1"]
[TimeControl "40/5400+30:1800+30"]

1. c4 {[%emt 0:00:00]} d6 {[%emt 0:00:00]} 2. g3 {[%emt 0:00:00]} g6 {[%emt 0:00:00]} 3. Bg2 {[%emt 0:00:00]} Bg7 {[%emt 0:00:04]} 4. Nc3 {[%emt 0:00:00]} e5 {[%emt 0:00:37]} 5. d3 {[%emt 0:00:40]} Ne7 {[%emt 0:00:53]} 6. e4 {[%emt 0:02:32]} O-O {[%emt 0:00:29]} 7. Nge2 {[%emt 0:00:16]} Nbc6 {[%emt 0:02:20]} 8. O-O {[%emt 0:01:28]} Nd4 {[%emt 0:00:13]} 9. Nxd4 {[%emt 0:02:44]} exd4 {[%emt 0:00:10]} 10. Ne2 {[%emt 0:00:04]} c6 {[%emt 0:01:42]} 11. Nf4 {[%emt 0:06:35]} b6 {[%emt 0:04:20]} 12. b4 {[%emt 0:04:40]} Bb7 {[%emt 0:00:56]} 13. Qb3 {[%emt 0:00:56]} Qd7 {[%emt 0:04:45]} 14. a4 {[%emt 0:04:31]} a6 {[%emt 0:04:46]} 15. Bb2 {[%emt 0:07:10]} c5 {[%emt 0:01:38]} 16. a5 {[%emt 0:02:46]} Qc7 {[%emt 0:07:25]} 17. axb6 {[%emt 0:08:50]} Qxb6 {[%emt 0:00:23]} 18. Ba3 {[%emt 0:00:37]} a5 {[%emt 0:08:31]} 19. b5 {[%emt 0:00:11]} Be5 {[%emt 0:00:38]} 20. Bc1 {[%emt 0:01:44]} f5 {[%emt 0:02:11]} 21. f3 {[%emt 0:08:35]} a4 {[%emt 0:16:45]} 22. Rxa4 {[%emt 0:00:26]} Rxa4 {[%emt 0:00:08]} 23. Qxa4 {[%emt 0:00:03]} Ra8 {[%emt 0:00:27]} 24. Qc2 {[%emt 0:02:12]} Qa5 {[%emt 0:02:52]} 25. Ne2 {[%emt 0:07:58]} Qa4 {[%emt 0:08:06]} 26. Qxa4 {[%emt 0:05:51]} Rxa4 {[%emt 0:00:04]} 27. Bh3 {[%emt 0:03:37]} Ra2 {[%emt 0:01:02]} 28. Nf4 {[%emt 0:07:00]} Kf7 {[%emt 0:04:00]} 29. Bg2 {[%emt 0:09:02]} Nc8 {[%emt 0:04:08]} 30. g4 {[%emt 0:01:32]} Rc2 {[%emt 0:02:56]} 31. Nh3 {[%emt 0:01:21]} Nb6 {[%emt 0:02:35]} 32. Ng5+ {[%emt 0:03:21]} Kg8 {[%emt 0:00:13]} 33. exf5 {[%emt 0:02:08]} gxf5 {[%emt 0:00:30]} 34. gxf5 {[%emt 0:00:55]} Rxc1 {[%emt 0:01:35]} 35. Rxc1 {[%emt 0:00:06]} Bf4 {[%emt 0:00:03]} 36. Re1 {[%emt 0:00:09]} Bxg5 {[%emt 0:02:41]} 37. Re8+ {[%emt 0:00:03]} Kf7 {[%emt 0:01:19]} 38. Rb8 {[%emt 0:00:02]} Bc8 {[%emt 0:03:13]} 39. Rxb6 {[%emt 0:00:07]} Bxf5 {[%emt 0:00:31]} 40. Bf1 {[%emt 0:00:00]} d5 {[%emt 0:00:00]} 41. Rc6 {[%emt 0:10:18]} Be3+ {[%emt 0:01:50]} 42. Kg2 {[%emt 0:00:14]} dxc4 {[%emt 0:01:51]} 43. Rxc5 {[%emt 0:01:01]} Bxd3 {[%emt 0:00:32]} 44. Bxd3 {[%emt 0:00:30]} cxd3 {[%emt 0:00:04]} 45. Kf1 {[%emt 0:00:47]} d2 {[%emt 0:00:12]} 46. Rc7+ {[%emt 0:00:03]} Ke6 {[%emt 0:00:07]} 47. Ke2 {[%emt 0:00:03]} h5 {[%emt 0:00:19]} 48. Rh7 {[%emt 0:01:29]} Kd5 {[%emt 0:00:13]} 49. Rxh5+ {[%emt 0:00:05]} Kc4 {[%emt 0:00:07]} 50. Kd1 {[%emt 0:00:27]} 1-0

[Event "WYCC 2018 O14"]
[Site "Halkidiki"]
[Date "2018.10.26"]
[Round "7"]
[White "Rasti, Arvin"]
[Black "Radojicic, Aleksandar M"]
[Result "1/2-1/2"]
[WhiteElo "2064"]
[BlackElo "1814"]
[Annotator "NA"]
[PlyCount "43"]
[EventDate "2018.10.20"]
[EventType "swiss"]
[EventCountry "GRE"]
[SourceTitle "playchess.com"]
[Source "ChessBase"]
[SourceQuality "1"]
[TimeControl "40/5400+30:1800+30"]

1. d4 {[%emt 0:00:00]} Nf6 {[%emt 0:00:00]} 2. c4 {[%emt 0:00:00]} c5 {[%emt 0:00:00]} 3. d5 {[%emt 0:00:00]} b5 {[%emt 0:00:00]} 4. Qc2 {[%emt 0:00:00]} b4 {[%emt 0:00:46]} 5. e4 {[%emt 0:04:04]} d6 {[%emt 0:02:07]} 6. Nf3 {[%emt 0:01:26]} g6 {[%emt 0:03:42]} 7. Bg5 {[%emt 0:03:07]} Qc7 {[%emt 0:14:35]} 8. Nbd2 {[%emt 0:02:40]} Bg7 {[%emt 0:01:39]} 9. Bd3 {[%emt 0:02:34]} O-O {[%emt 0:00:44]} 10. h3 {[%emt 0:01:05]} a5 {[%emt 0:11:23]} 11. O-O {[%emt 0:01:44]} e6 {[%emt 0:08:56]} 12. Rfe1 {[%emt 0:03:09]} h6 {[%emt 0:06:54]} 13. Bxf6 {[%emt 0:06:54]} Bxf6 {[%emt 0:01:20]} 14. dxe6 {[%emt 0:00:49]} Bxe6 {[%emt 0:00:29]} 15. Nf1 {[%emt 0:02:21]} Nc6 {[%emt 0:18:02]} 16. Ne3 {[%emt 0:00:23]} Nd4 {[%emt 0:03:22]} 17. Nxd4 {[%emt 0:00:32]} Bxd4 {[%emt 0:00:22]} 18. Nd5 {[%emt 0:00:47]} Bxd5 {[%emt 0:00:53]} 19. exd5 {[%emt 0:00:06]} Qd7 {[%emt 0:01:08]} 20. Qd2 {[%emt 0:00:35]} Rfe8 {[%emt 0:04:38]} 21. Kh1 {[%emt 0:02:13]} a4 22. Rad1 1/2-1/2

[Event "WYCC 2018 O14"]
[Site "Halkidiki"]
[Date "2018.10.26"]
[Round "7"]
[White "Antonica, Dragos-Andrei"]
[Black "Ngo, Duc Tri"]
[Result "0-1"]
[WhiteElo "2061"]
[BlackElo "1883"]
[Annotator "NA"]
[PlyCount "90"]
[EventDate "2018.10.20"]
[EventType "swiss"]
[EventCountry "GRE"]
[SourceTitle "playchess.com"]
[Source "ChessBase"]
[SourceQuality "1"]
[TimeControl "40/5400+30:1800+30"]

1. d4 d5 {[%emt 0:00:00]} 2. c4 {[%emt 0:00:07]} c6 {[%emt 0:00:00]} 3. Nc3 {[%emt 0:00:45]} dxc4 {[%emt 0:01:03]} 4. g3 {[%emt 0:05:42]} Nf6 {[%emt 0:00:09]} 5. Bg2 {[%emt 0:00:03]} e5 6. dxe5 {[%emt 0:12:58]} Qxd1+ {[%emt 0:01:58]} 7. Nxd1 {[%emt 0:00:14]} Bb4+ {[%emt 0:04:58]} 8. Bd2 {[%emt 0:03:29]} Bxd2+ {[%emt 0:00:27]} 9. Kxd2 {[%emt 0:00:01]} Nd5 {[%emt 0:08:57]} 10. e4 {[%emt 0:22:28]} Nb4 {[%emt 0:00:30]} 11. Kc3 {[%emt 0:00:55]} a5 {[%emt 0:00:09]} 12. Bh3 {[%emt 0:25:18]} Nd7 {[%emt 0:01:14]} 13. Bxd7+ {[%emt 0:04:53]} Bxd7 {[%emt 0:00:06]} 14. a3 {[%emt 0:01:01]} b5 {[%emt 0:05:41]} 15. b3 {[%emt 0:04:33]} Nd3 {[%emt 0:00:07]} 16. bxc4 {[%emt 0:00:31]} Nxe5 {[%emt 0:00:05]} 17. Ne3 {[%emt 0:00:21]} Be6 {[%emt 0:00:23]} 18. cxb5 {[%emt 0:03:18]} cxb5 {[%emt 0:00:04]} 19. f4 {[%emt 0:00:52]} Rc8+ {[%emt 0:01:51]} 20. Kd2 {[%emt 0:03:47]} Nc4+ {[%emt 0:00:06]} 21. Nxc4 {[%emt 0:00:14]} Rxc4 {[%emt 0:00:04]} 22. Ke3 {[%emt 0:01:15]} O-O {[%emt 0:00:08]} 23. Ne2 {[%emt 0:00:40]} Re8 {[%emt 0:00:38]} 24. Rhc1 {[%emt 0:01:11]} Rec8 {[%emt 0:09:23]} 25. Rxc4 {[%emt 0:02:08]} Rxc4 {[%emt 0:00:11]} 26. Rd1 {[%emt 0:02:33]} g6 {[%emt 0:02:32]} 27. Rd8+ {[%emt 0:02:15]} Kg7 {[%emt 0:00:04]} 28. Rd4 {[%emt 0:01:00]} Rc5 {[%emt 0:00:17]} 29. Kd2 {[%emt 0:00:10]} g5 {[%emt 0:01:37]} 30. f5 {[%emt 0:00:46]} Bc4 {[%emt 0:00:05]} 31. Rd6 {[%emt 0:00:51]} Bxe2 {[%emt 0:00:59]} 32. Kxe2 {[%emt 0:00:01]} Rc2+ {[%emt 0:00:22]} 33. Kf3 {[%emt 0:00:44]} h5 {[%emt 0:00:07]} 34. Rd3 {[%emt 0:00:11]} Rxh2 {[%emt 0:00:28]} 35. Rb3 {[%emt 0:01:03]} h4 {[%emt 0:02:21]} 36. Rxb5 {[%emt 0:00:42]} Rh3 {[%emt 0:00:05]} 37. Rxa5 {[%emt 0:00:38]} Rxg3+ {[%emt 0:00:06]} 38. Kf2 {[%emt 0:00:01]} g4 {[%emt 0:02:25]} 39. e5 {[%emt 0:01:08]} Rf3+ {[%emt 0:00:09]} 40. Kg1 {[%emt 0:00:00]} g3 {[%emt 0:00:00]} 41. Ra4 {[%emt 0:14:47]} h3 {[%emt 0:01:17]} 42. Rg4+ {[%emt 0:00:21]} Kf8 {[%emt 0:00:18]} 43. f6 {[%emt 0:00:18]} g2 {[%emt 0:00:09]} 44. Kh2 {[%emt 0:00:38]} Rf1 45. Rb4 {[%emt 0:00:42]} g1=Q+ {[%emt 0:00:11]} 0-1

[Event "WYCC 2018 O14"]
[Site "Halkidiki"]
[Date "2018.10.26"]
[Round "7"]
[White "Soriano Quispe, Ivan Excender"]
[Black "Trifan, Andrei Ioan"]
[Result "0-1"]
[WhiteElo "2054"]
[BlackElo "2290"]
[Annotator "NA"]
[PlyCount "136"]
[EventDate "2018.10.20"]
[EventType "swiss"]
[EventCountry "GRE"]
[SourceTitle "playchess.com"]
[Source "ChessBase"]
[SourceQuality "1"]
[TimeControl "40/5400+30:1800+30"]

1. d4 {[%emt 0:00:00]} Nf6 {[%emt 0:00:28]} 2. c4 {[%emt 0:00:00]} g6 {[%emt 0:01:30]} 3. Nc3 {[%emt 0:00:00]} Bg7 {[%emt 0:00:57]} 4. e4 {[%emt 0:00:00]} d6 {[%emt 0:00:46]} 5. Nf3 {[%emt 0:00:00]} O-O {[%emt 0:01:15]} 6. Be2 {[%emt 0:00:03]} e5 {[%emt 0:00:47]} 7. O-O {[%emt 0:00:27]} Nc6 {[%emt 0:01:47]} 8. d5 {[%emt 0:00:25]} Ne7 {[%emt 0:00:14]} 9. Ne1 {[%emt 0:00:17]} Nd7 {[%emt 0:01:25]} 10. Be3 {[%emt 0:00:14]} f5 {[%emt 0:01:23]} 11. f3 {[%emt 0:00:07]} f4 {[%emt 0:00:34]} 12. Bf2 {[%emt 0:00:06]} g5 $16 {[%emt 0:01:03]} 13. g4 {[%emt 0:01:16]} fxg3 {[%emt 0:16:26]} 14. hxg3 {[%emt 0:00:19]} Ng6 {[%emt 0:07:44]} 15. Ng2 {[%emt 0:00:21]} Nf6 {[%emt 0:09:11]} 16. Ne3 {[%emt 0:02:19]} Bh3 {[%emt 0:02:26]} 17. Nf5 {[%emt 0:09:12]} Ne7 {[%emt 0:07:27]} 18. Nxg7 {[%emt 0:35:26]} Kxg7 {[%emt 0:00:24]} 19. Qd2 {[%emt 0:00:50]} g4 {[%emt 0:07:34]} 20. fxg4 {[%emt 0:19:09]} Qd7 {[%emt 0:06:38]} 21. Qg5+ {[%emt 0:02:34]} Ng6 {[%emt 0:03:09]} 22. Qf5 {[%emt 0:04:08]} Qe8 {[%emt 0:06:32]} 23. Qg5 {[%emt 0:08:32]} h6 {[%emt 0:04:16]} 24. Qd2 {[%emt 0:00:18]} Bxf1 {[%emt 0:01:17]} 25. Rxf1 {[%emt 0:00:02]} Qd7 {[%emt 0:01:55]} 26. Qd1 {[%emt 0:09:47]} Nh7 {[%emt 0:00:14]} 27. Be3 {[%emt 0:00:34]} Rxf1+ {[%emt 0:02:59]} 28. Qxf1 {[%emt 0:00:02]} Qe7 {[%emt 0:01:33]} 29. Qc1 {[%emt 0:03:29]} Ng5 {[%emt 0:03:15]} 30. Kg2 {[%emt 0:00:07]} a5 {[%emt 0:01:29]} 31. Nd1 {[%emt 0:01:40]} Qf6 {[%emt 0:01:48]} 32. Qd2 {[%emt 0:01:18]} Ne7 {[%emt 0:01:28]} 33. Nf2 {[%emt 0:01:55]} Qg6 {[%emt 0:01:01]} 34. Bd3 {[%emt 0:00:32]} Ng8 {[%emt 0:01:09]} 35. c5 {[%emt 0:00:29]} Nf6 {[%emt 0:02:51]} 36. cxd6 {[%emt 0:00:11]} cxd6 {[%emt 0:00:05]} 37. Qc2 {[%emt 0:00:28]} Nf7 {[%emt 0:01:25]} 38. Qe2 {[%emt 0:00:48]} Kh8 {[%emt 0:00:53]} 39. Qd1 {[%emt 0:01:01]} Rg8 {[%emt 0:00:21]} 40. Be2 {[%emt 0:00:00]} Nxe4 {[%emt 0:00:00]} 41. Qc2 {[%emt 0:16:32]} Nf6 {[%emt 0:06:27]} 42. Qb3 {[%emt 0:02:20]} h5 {[%emt 0:01:58]} 43. Bd3 {[%emt 0:02:46]} e4 {[%emt 0:02:19]} 44. Be2 {[%emt 0:02:15]} Nxg4 {[%emt 0:06:24]} 45. Nxg4 {[%emt 0:00:03]} hxg4 {[%emt 0:00:44]} 46. Qxb7 {[%emt 0:00:03]} Ne5 {[%emt 0:02:04]} 47. Qe7 {[%emt 0:00:16]} Qh5 {[%emt 0:07:54]} 48. Qf6+ {[%emt 0:03:11]} Kh7 {[%emt 0:00:17]} 49. Bd4 {[%emt 0:02:06]} Qh3+ {[%emt 0:01:31]} 50. Kf2 {[%emt 0:00:02]} Qh2+ {[%emt 0:01:44]} 51. Ke3 {[%emt 0:00:13]} Qxg3+ {[%emt 0:01:01]} 52. Kxe4 {[%emt 0:00:04]} Qg2+ {[%emt 0:01:32]} 53. Kf5 {[%emt 0:00:49]} Qh3 {[%emt 0:02:36]} 54. Bxe5 {[%emt 0:05:37]} Qh5+ {[%emt 0:00:42]} 55. Ke4 {[%emt 0:00:44]} dxe5 {[%emt 0:00:16]} 56. Bd3 {[%emt 0:00:37]} Qg5 {[%emt 0:01:17]} 57. Qxe5 {[%emt 0:01:01]} Qxe5+ {[%emt 0:00:32]} 58. Kxe5+ {[%emt 0:00:01]} Kg7 {[%emt 0:00:26]} 59. Be4 {[%emt 0:00:58]} g3 {[%emt 0:00:14]} 60. Bg2 {[%emt 0:00:53]} Kf7 {[%emt 0:00:30]} 61. d6 {[%emt 0:00:33]} Ke8 {[%emt 0:00:02]} 62. a3 {[%emt 0:00:49]} a4 {[%emt 0:00:06]} 63. Kd5 {[%emt 0:00:29]} Kd7 {[%emt 0:00:21]} 64. Bh3+ {[%emt 0:00:33]} Kd8 {[%emt 0:00:01]} 65. Bg2 {[%emt 0:00:01]} Rf8 {[%emt 0:00:41]} 66. Kc5 {[%emt 0:01:01]} Rf2 {[%emt 0:00:09]} 67. Bh3 {[%emt 0:00:17]} Rxb2 {[%emt 0:00:38]} 68. Kc4 {[%emt 0:00:15]} g2 {[%emt 0:00:08]} 0-1